00772nam a2200229 4500003001100000005001700011008004100028020001800069040003900087041000800126082001600134100002400150245007400174260005400248300004100302650003700343650004000380650004400420650004000464650001900504700001900523LK-CoMWRAF20231120094640.0231119b2010 |||||||| |||| 00| 0 eng d a9780954494391 aLK-CoMWRAFdLK-CoMWRAFeLK-CoMWRAF aeng a340.59bMIR aMir-Hosseini, Ziba  aControl and sexuality : bthe revival of Zina laws in Muslim contexts aLondon : bWomen Living Under Muslim Laws, c2010 axix, 235 p. ; 21 cm.bIndex included aSex -Religious aspects -- Islam  aMuslim women -- Political activity  a Feminism -- Religious aspects -- Islam a Muslim women -- Legal status, laws aWomen's rights aHamzic, Vanja